000 00183 a2200097 4500
020 _a9781575652429
041 _aspa
100 _aAnnie Cobb
245 _aLa Larga Espera
942 _cBK
999 _c15634
_d15634